Tectonic Plates - Sudden Death - Statistics

General Stats
  • This quiz has been taken 61 times
  • The average score is 8 of 14
Answers on the Grid
Answers color-coded by a green-red scale on the quiz's grid according to % correct below.
African
Antarctic
Eurasian
Australian
Indian
North American
Pacific
South American
Caribbean
Cocos
Scotia
Nazca
Arabian
Philippine
Icelandic
Indonesian
Arctic
Alaskan
Egyptian
Siberian
Wegener
Central American
Japanese
New Guinean
Southern
Mediterranean
Laccadive
Himalayan
 
Answer Stats
Answer % Correct
Eurasian
73%
North American
69%
South American
67%
Indian
63%
Nazca
63%
Australian
61%
Caribbean
61%
Pacific
61%
African
59%
Arabian
57%
Antarctic
55%
Philippine
53%
Cocos
49%
Scotia
47%
No matching quizzes found
Score Distribution
Percent of People with Each Score
Percentile by Number Answered
Your Score History
You have not taken this quiz